[Event "XIII MIEDZYNARODOWY FESTIWAL SZACHOWY PERLA BALTYKU - GRUPA A"]
[Site "LAZY - OW BRYZA"]
[Date "1899-12-30"]
[Round "8.25"]
[White "Dluzynski, Krzysztof"]
[Black "Starosta, Martyna"]
[Result "1/2-1/2"]
[WhiteTitle "II"]
[BlackTitle "WCM"]
[WhiteElo "1547"]
[BlackElo "1591"]

1. d4 d5 2. c4 e6 3. Nf3 Nf6 4. Nc3 c6 5. Bg5 Nbd7 6. e3 Qa5 7. Bxf6 Nxf6 8. Qc2
Bb4 9. Nd2 Bxc3 10. bxc3 O-O 11. Bd3 Qc7 12. Nf3 h6 13. O-O c5 14. cxd5 exd5 15.
Rfc1 c4 16. Bf1 Ne4 17. Nd2 Nxd2 18. Qxd2 Bf5 19. Qb2 Rfe8 20. a4 Re6 21. a5 Rg6
22. Qb5 Qc6 23. Qb4 b6 24. Ra2 bxa5 25. Rxa5 1/2-1/2

[Event "XIII MIEDZYNARODOWY FESTIWAL SZACHOWY PERLA BALTYKU - GRUPA A"]
[Site "LAZY - OW BRYZA"]
[Date "1899-12-30"]
[Round "8.26"]
[White "Zadkowski, Zbigniew"]
[Black "Kabacinski, Krzysztof"]
[Result "0-1"]
[WhiteTitle "II"]
[BlackTitle "II"]
[WhiteElo "1584"]
[BlackElo "1556"]

1. e4 c5 2. Nf3 d6 3. Nc3 Nf6 4. Bc4 Bg4 5. e5 Bxf3 6. Qxf3 dxe5 7. Qxb7 Nbd7 8.
Bb5 Qc8 9. Qxc8+ Rxc8 10. d3 g6 11. h3 h5 12. Be3 Bh6 13. Bxh6 Rxh6 14. Ba6 Rc6
15. Bc4 Kf8 16. O-O g5 17. Rfe1 Rc8 18. Ba6 Rb8 19. Rab1 Kg7 20. a3 g4 21. h4
g3 22. f3 Rb6 23. Bc4 Rh8 24. Ne2 Rhb8 25. b3 e6 26. Nxg3 Kh6 27. Rb2 Nd5 28.
Ne2 Ra8 29. Kf2 f6 30. c3 a5 31. Reb1 Rab8 32. Rd2 R6b7 33. d4 cxd4 34. cxd4 N7b6
35. Bb5 exd4 36. Rxd4 Nc8 37. Bc4 Ncb6 38. Ba6 Rc7 39. Rc1 Rxc1 40. Nxc1 e5 41.
Rd3 Nc7 42. Bc4 Nxc4 43. bxc4 Rb2+ 44. Ne2 Ne6 45. Ke3 Nc5 46. Rc3 Na4 47. Rd3
Nb6 48. c5 Nc4+ 49. Kf2 Rb5 50. c6 Rc5 51. Rc3 Rxc6 52. Ng3 Kg6 53. Ke2 Rc8 54.
Kd3 Nd6 55. Rxc8 Nxc8 56. Ne4 f5 57. Nc5 Nd6 58. a4 Kf6 59. Nb3 Nb7 60. Kc4 e4
61. Kd4 exf3 62. gxf3 Ke6 63. Kc4 Ke5 64. Kb5 Kf4 65. Nd4 Nd6+ 66. Kxa5 Ke3 67.
Nb5 Nc8 68. Ka6 Kxf3 69. Kb7 Ke3 70. Kxc8 f4 71. Nd4 Kxd4 72. a5 Kc5 73. Kb7 f3
74. a6 f2 75. a7 f1=Q 76. a8=Q Qf3+ 77. Kb8 Qf8+ 78. Ka7 Qe7+ 79. Qb7 Qxh4 80.
Qb6+ Kd5 81. Qb5+ Ke6 82. Qe8+ Kf5 83. Qf7+ Kg4 84. Qc4+ Kh3 85. Qf1+ Kh2 86.
Qe2+ Kg1 87. Qd1+ Kg2 88. Qd5+ Kf2 89. Qf5+ Ke3 90. Qe6+ Kd4 91. Qd6+ Kc4 92.
Qc6+ Kb4 93. Qb6+ Ka3 94. Qc5+ Kb2 95. Qb5+ Kc2 96. Qc5+ Kd2 97. Qd5+ Ke2 98.
Qe5+ Kf1 99. Qf5+ Kg2 100. Qd5+ Kg3 101. Qe5+ Kh3 102. Qf5+ Qg4 103. Qf1+ Kh2
104. Qf2+ Kh1 105. Qf6 h4 106. Ka6 h3 107. Qf1+ Kh2 108. Qf2+ Qg2 109. Qf4+ Kg1
110. Qe3+ Kf1 111. Qc1+ Ke2 112. Qc2+ Ke3 113. Qc3+ Ke4 114. Qc4+ Ke5 115. Qc7+
Ke6 116. Qc4+ Kd6 117. Qb4+ Kc7 118. Qe7+ Kc8 119. Qc5+ Kd7 120. Qf5+ Ke7 121.
Qe5+ Kf7 122. Qf5+ Kg7 123. Qd7+ Kh6 124. Qe6+ 0-1

[Event "XIII MIEDZYNARODOWY FESTIWAL SZACHOWY PERLA BALTYKU - GRUPA A"]
[Site "LAZY - OW BRYZA"]
[Date "1899-12-30"]
[Round "8.27"]
[White "Bochniak, Jakub"]
[Black "Bialek, Alicja"]
[Result "0-1"]
[WhiteTitle "III"]
[BlackTitle "I"]
[WhiteElo "1352"]
[BlackElo "1367"]

1. e4 c5 2. d4 cxd4 3. Qxd4 Nc6 4. Qd1 Nf6 5. Nc3 e6 6. Bg5 Bb4 7. Bxf6 Qxf6 8.
Qd2 Bxc3 9. Qxc3 Qxc3+ 10. bxc3 b6 11. Bd3 Bb7 12. Ne2 Rc8 13. O-O O-O 14. Nd4
Ne5 15. c4 Nxc4 16. a4 Ne5 17. Rfb1 d5 18. exd5 Bxd5 19. Nb5 Nxd3 20. cxd3 a6
21. Nd6 Rc6 22. Nb7 Rb8 23. Na5 Rc3 24. d4 Rcc8 25. Nb3 Bxb3 26. Rxb3 Rc4 27.
a5 b5 28. Rd3 Rd8 29. Kf1 Rcxd4 30. Rxd4 Rxd4 31. Ke2 Kf8 32. Ke3 Rc4 33. Kd2
Ke7 34. Ra3 Kd6 35. Rh3 h6 36. Rg3 g6 37. Rf3 Ke7 38. Ra3 f5 39. Ke3 g5 40. g3
h5 41. Rd3 b4 42. Rd4 Rxd4 43. Kxd4 e5+ 44. Kc4 Kd6 45. f3 f4 46. Kxb4 g4 47.
Kc3 gxf3 48. Kd2 fxg3 49. hxg3 e4 50. Ke3 Ke5 51. Kf2 Kd4 52. Kf1 e3 53. Ke1 f2+
54. Ke2 Ke4 55. Kf1 Kd3 0-1

[Event "XIII MIEDZYNARODOWY FESTIWAL SZACHOWY PERLA BALTYKU - GRUPA A"]
[Site "LAZY - OW BRYZA"]
[Date "1899-12-30"]
[Round "8.28"]
[White "Pisarek, Jan"]
[Black "Lazniewski, Tadeusz"]
[Result "1/2-1/2"]
[WhiteTitle "II"]
[BlackTitle "II"]
[WhiteElo "1318"]
[BlackElo "1401"]

1. e4 e5 2. Nf3 Nc6 3. Nc3 Nf6 4. d4 exd4 5. Nxd4 Bb4 6. Nxc6 bxc6 7. Bd3 d5 8.
exd5 cxd5 9. O-O O-O 10. h3 c6 11. Qf3 Be6 12. Bf4 Re8 13. Rad1 Be7 14. Rfe1 d4
15. Ne4 Bd5 16. Nxf6+ Bxf6 17. Be4 Bxe4 18. Rxe4 Rxe4 19. Qxe4 Qe8 20. Re1 Qxe4
21. Rxe4 h6 22. b3 a5 23. Bc7 a4 24. Bb6 axb3 25. axb3 Ra1+ 26. Kh2 Rc1 27. Bxd4
Bxd4 28. Rxd4 Rxc2 29. f3 Rc3 30. b4 1/2-1/2

[Event "XIII MIEDZYNARODOWY FESTIWAL SZACHOWY PERLA BALTYKU - GRUPA A"]
[Site "LAZY - OW BRYZA"]
[Date "1899-12-30"]
[Round "9.1"]
[White "Kaczmarek, Aleksander"]
[Black "Tustanowski, Mateusz"]
[Result "1/2-1/2"]
[WhiteTitle "FM"]
[BlackTitle "I++"]
[WhiteElo "2363"]
[BlackElo "1916"]

1. e4 e5 2. d4 exd4 3. Nf3 Nc6 4. Bc4 Nf6 5. e5 d5 6. Bb5 Ne4 7. Nxd4 Bd7 8. Bxc6
bxc6 9. O-O Bc5 10. Be3 Qe7 11. f3 Nd6 12. Bf2 Nf5 13. f4 Bxd4 14. Bxd4 O-O 15.
Nc3 Qb4 16. Ne2 Nxd4 17. Nxd4 Rae8 18. c3 Qxb2 19. Qe1 c5 20. Nb3 Bc6 21. Rf2
Qa3 22. f5 f6 23. e6 Ba4 24. Rf3 c4 25. Nd4 Qd6 26. Qh4 c5 27. Ne2 Bc2 28. Raf1
Qe5 29. Qf2 Be4 30. Rh3 h6 31. Qxc5 Bxf5 32. Re3 Be4 33. Nf4 Rxe6 34. Ng6 Qd6
35. Qxd6 Rxd6 36. Nxf8 Kxf8 37. Rf2 Rb6 38. h3 Rb1+ 39. Kh2 Bd3 40. Rd2 Rc1 41.
Rexd3 cxd3 42. Rxd3 Ke7 43. Rxd5 Rxc3 44. Ra5 Rc7 45. Ra6 Kd7 46. Kg3 Kc8 47.
Kf4 Kb7 48. Ra3 Kb6 49. Rg3 a5 50. Kf5 a4 51. Kg6 Kb5 52. Rf3 Re7 1/2-1/2

[Event "XIII MIEDZYNARODOWY FESTIWAL SZACHOWY PERLA BALTYKU - GRUPA A"]
[Site "LAZY - OW BRYZA"]
[Date "1899-12-30"]
[Round "9.2"]
[White "Swiech, Przemyslaw"]
[Black "Budnik, Mateusz"]
[Result "1-0"]
[WhiteTitle "I++"]
[BlackTitle "I++"]
[WhiteElo "2176"]
[BlackElo "1989"]

1. d4 Nf6 2. Nf3 g6 3. g3 Bg7 4. Bg2 O-O 5. c4 d6 6. O-O Nbd7 7. Nc3 e5 8. e4 Qe7
9. h3 c6 10. Re1 Re8 11. Be3 Nf8 12. Qd2 Qc7 13. Rad1 Be6 14. b3 Rad8 15. Qc1
Bc8 16. Qa3 b6 17. Bg5 Ne6 18. Bxf6 Bxf6 19. d5 Nd4 20. dxc6 Be6 21. Nxd4 exd4
22. Nb5 Qe7 23. c7 Rc8 24. Qxd6 a6 25. Qxe7 Rxe7 26. Nxd4 Rcxc7 27. e5 Bg5 28.
f4 Bh6 29. Nxe6 Rxe6 30. Rd8+ Kg7 31. Bd5 Ree7 32. Rd6 b5 33. Rxa6 bxc4 34. bxc4
Re8 35. Rb1 Kg8 36. Rab6 Bf8 37. Rb7 Ree7 38. Kf2 Rxb7 39. Rxb7 Rxb7 40. Bxb7
Bc5+ 41. Kf3 Kf8 42. Ke4 Ke7 43. Kd5 Bf2 44. c5 Kd7 45. g4 Kc7 46. Bc6 Be1 47.
Be8 Bd2 48. f5 gxf5 49. gxf5 f6 50. exf6 Bh6 51. Bg6 Bf8 52. Bxh7 Bh6 53. a4 1-0

[Event "XIII MIEDZYNARODOWY FESTIWAL SZACHOWY PERLA BALTYKU - GRUPA A"]
[Site "LAZY - OW BRYZA"]
[Date "1899-12-30"]
[Round "9.3"]
[White "Litner, Igor"]
[Black "Sernecki, Franciszek"]
[Result "1/2-1/2"]
[WhiteTitle "I+"]
[BlackTitle "I"]
[WhiteElo "1949"]
[BlackElo "2039"]

1. d4 d5 2. Nf3 e6 3. Bf4 Bd6 4. Bg3 Nf6 5. e3 O-O 6. Bd3 Qe7 7. O-O Bxg3 8. hxg3
c5 9. c4 dxc4 10. Bxc4 Rd8 11. Qe2 a6 12. a4 cxd4 13. Nxd4 e5 14. Nc2 Bg4 15.
f3 Be6 16. Nc3 Nc6 17. Rfd1 Bxc4 18. Qxc4 Rxd1+ 19. Rxd1 Rd8 20. Nd5 Nxd5 21.
Rxd5 Rxd5 22. Qxd5 g6 23. Kf2 Qc7 24. e4 Qb6+ 25. Ne3 Qxb2+ 26. Kg1 Qc1+ 27. Kf2
Qb2+ 28. Kg1 Qb6 29. Kf2 h5 30. Qd7 Kg7 31. Qd6 Qb2+ 32. Kg1 Qd4 33. Qxd4 exd4
34. Nd5 b5 35. axb5 axb5 36. Kf2 f6 37. Ke2 Kf7 38. Kd3 g5 39. Nc7 b4 40. Kc4
h4 41. gxh4 gxh4 42. Nd5 Ne5+ 43. Kxd4 Nxf3+ 44. Ke3 Ne1 45. Nxb4 Nxg2+ 46. Kf3
h3 47. Nd3 Kg6 48. Kg3 Kg5 49. e5 fxe5 1/2-1/2

[Event "XIII MIEDZYNARODOWY FESTIWAL SZACHOWY PERLA BALTYKU - GRUPA A"]
[Site "LAZY - OW BRYZA"]
[Date "1899-12-30"]
[Round "9.4"]
[White "Sygulski, Pawel"]
[Black "Kapral, Krzysztof"]
[Result "1-0"]
[WhiteTitle "k"]
[BlackTitle "k"]
[WhiteElo "2143"]
[BlackElo "1939"]

1. d4 d5 2. c4 c6 3. cxd5 cxd5 4. Nc3 Nf6 5. Bf4 Ne4 6. Qb3 Nxc3 7. bxc3 Nc6 8.
e3 g6 9. Nf3 Bg7 10. Be2 O-O 11. O-O a6 12. a4 Na5 13. Qb4 Bf5 14. Nd2 Rc8 15.
Nb3 Nxb3 16. Qxb3 Qd7 17. Ra2 f6 18. Rb2 e5 19. Bg3 Rc7 20. c4 dxc4 21. Bxc4+
Kh8 22. dxe5 fxe5 23. Bd5 Bc2 24. Rxc2 Rxc2 25. Qxc2 Qxd5 26. Rd1 Qa5 27. h3 Rd8
28. Rb1 Qd5 29. e4 Qf7 30. f3 Re8 31. a5 h5 32. Qb3 Re7 33. Qxf7 Rxf7 34. Rb6
Rc7 35. Rxg6 Rc5 36. Rb6 Rxa5 37. Rxb7 Kh7 38. Kh2 Rc5 39. Ra7 Ra5 40. h4 Kg6
41. Rc7 Rb5 42. Rc6+ Kf7 43. Rxa6 Rb7 44. Bf2 Rb2 45. Be3 Rb3 46. Bh6 Bf6 47.
Bg5 Bg7 48. Kh3 Rc3 49. Ra7+ Kg6 50. Rd7 Rb3 51. Kg3 Ra3 52. Kf2 Bf8 53. Rd2 Bc5+
54. Ke2 Rb3 55. Rc2 Bd4 56. Ra2 Rc3 57. Bd2 Rb3 58. Bc1 Rb1 59. Be3 Bc3 60. Rc2
Be1 61. Bf2 Bb4 62. Bg3 Rh1 63. Bxe5 Rxh4 64. Rc1 1-0

[Event "XIII MIEDZYNARODOWY FESTIWAL SZACHOWY PERLA BALTYKU - GRUPA A"]
[Site "LAZY - OW BRYZA"]
[Date "1899-12-30"]
[Round "9.5"]
[White "Mielczarski, Miroslaw"]
[Black "Hilarecki, Grzegorz"]
[Result "1-0"]
[WhiteTitle "k"]
[BlackTitle "k"]
[WhiteElo "2095"]
[BlackElo "2105"]

1. c4 Nf6 2. Nc3 g6 3. Nf3 Bg7 4. e3 O-O 5. b3 c5 6. Bb2 Nc6 7. Be2 d5 8. Nxd5
Nxd5 9. Bxg7 Kxg7 10. cxd5 Qxd5 11. Qc2 e5 12. d3 b6 13. O-O Bb7 14. Rfd1 Rad8
15. a3 Rd7 16. Qc3 f6 17. Ne1 Rfd8 18. b4 cxb4 19. axb4 a5 20. bxa5 bxa5 21. Bf3
Qe6 22. Bxc6 Qxc6 23. Qxc6 Bxc6 24. Rxa5 e4 25. d4 Rd5 26. Rxd5 Rxd5 27. Rc1 Ba8
28. Rc5 Rxc5 29. dxc5 Kf7 30. Nc2 Ke6 31. Nb4 Kd7 32. Kf1 f5 33. Ke2 g5 34. Kd2
h5 35. Kc3 Ke6 36. Kd4 h4 37. g3 f4 38. g4 1-0

[Event "XIII MIEDZYNARODOWY FESTIWAL SZACHOWY PERLA BALTYKU - GRUPA A"]
[Site "LAZY - OW BRYZA"]
[Date "1899-12-30"]
[Round "9.6"]
[White "Jedrocha, Katarzyna"]
[Black "Nowak, Mikolaj"]
[Result "0-1"]
[WhiteTitle "k"]
[BlackTitle "I++"]
[WhiteElo "1898"]
[BlackElo "2080"]

1. e4 e5 2. Nf3 Nc6 3. Bc4 Bc5 4. c3 Nf6 5. d3 d6 6. Bb3 a6 7. h3 h6 8. O-O O-O
9. Nbd2 Ba7 10. Re1 Ne7 11. Nf1 Ng6 12. Ng3 Be6 13. d4 Re8 14. Bc2 c5 15. Be3
cxd4 16. cxd4 Qc7 17. Rc1 b5 18. Bb3 Qb7 19. Bxe6 fxe6 20. dxe5 Bxe3 21. Rxe3
dxe5 22. Rec3 Rad8 23. Qc2 Re7 24. Rc6 Kh7 25. Qb3 a5 26. Rxe6 Rxe6 27. Qxe6 Nxe4
28. Rc6 Rd1+ 29. Kh2 Ne7 30. Nxe4 Qxc6 31. Nfg5+ hxg5 32. Nxg5+ Kh8 33. Qxe7 Rh1+
34. Kg3 Qc8 35. Qf7 Rc1 36. Ne6 Qg8 37. Qh5+ Qh7 38. Qe8+ Qg8 39. Nf8 g6 40. Qxe5+
Qg7 41. Nxg6+ Kh7 42. Qh5+ Qh6 43. Qxh6+ Kxh6 44. Ne5 Rc2 45. Nf7+ Kg7 46. Nd6
Rxb2 47. f4 b4 48. f5 Rxa2 49. Nc4 b3 50. Kf3 b2 0-1

[Event "XIII MIEDZYNARODOWY FESTIWAL SZACHOWY PERLA BALTYKU - GRUPA A"]
[Site "LAZY - OW BRYZA"]
[Date "1899-12-30"]
[Round "9.7"]
[White "Mazalon, Mariusz"]
[Black "Malaczek, Mateusz"]
[Result "0-1"]
[WhiteTitle "k"]
[BlackTitle "II+"]
[WhiteElo "2050"]
[BlackElo "1905"]

1. d4 g6 2. c4 Bg7 3. e4 c5 4. d5 b5 5. cxb5 a6 6. bxa6 d6 7. Nc3 Nf6 8. Nf3 O-O
9. h3 Bxa6 10. Bxa6 Rxa6 11. O-O Nbd7 12. Qc2 Qa8 13. Rb1 Rb8 14. b3 Ne8 15. Bb2
Nc7 16. a4 Rab6 17. Nd2 Qa6 18. Nc4 Rxb3 19. Nb5 Nxb5 20. Qxb3 Nc3 21. Qxb8+ Nxb8
22. Bxc3 Bxc3 23. Rxb8+ Kg7 24. Na3 Qxa4 25. Nb1 Bd4 26. Rb7 Kf6 27. Nd2 Qa6 28.
Rc7 Qa5 29. e5+ Bxe5 30. Ne4+ Kg7 31. Rxe7 Qa2 32. Nxc5 Kf8 33. Rxe5 dxe5 34.
d6 Qd5 35. d7 Ke7 36. Rc1 f5 37. Kf1 Qd2 38. Re1 e4 39. g3 Qd5 40. Rc1 e3 41.
Rc3 Qd1+ 42. Kg2 Qd5+ 43. Kf1 Qd1+ 44. Kg2 e2 45. Re3+ Kd8 46. Rd3 e1=N+ 47. Kh2
Nxd3 0-1

[Event "XIII MIEDZYNARODOWY FESTIWAL SZACHOWY PERLA BALTYKU - GRUPA A"]
[Site "LAZY - OW BRYZA"]
[Date "1899-12-30"]
[Round "9.8"]
[White "Lada, Ireneusz"]
[Black "Darowicki, Mariusz"]
[Result "1-0"]
[WhiteTitle "k"]
[BlackTitle "I++"]
[WhiteElo "1916"]
[BlackElo "1931"]

1. c4 Nf6 2. Nc3 g6 3. Nf3 Bg7 4. g3 O-O 5. Bg2 c6 6. O-O d5 7. cxd5 Nxd5 8. d4
Na6 9. e4 Nb6 10. h3 c5 11. d5 Bd7 12. Bf4 Re8 13. e5 Qc8 14. Kh2 c4 15. Be3 Nb4
16. Qd2 Bf5 17. a3 Nd3 18. g4 Bd7 19. a4 Qc7 20. a5 Nc8 21. d6 exd6 22. Nd5 Qd8
23. Bg5 Ne7 24. Nxe7+ Rxe7 25. exd6 f6 26. dxe7 Qc7+ 27. Kg1 fxg5 28. Qxg5 Nf4
29. Rad1 h6 30. Rxd7 Ne2+ 31. Kh1 Qxd7 32. Qe3 Nd4 33. Rd1 Re8 34. Nxd4 Rxe7 35.
Qf3 Bxd4 36. Qd5+ Kh7 37. Rxd4 Qe8 38. Be4 Qf8 39. f4 Rf7 40. f5 gxf5 41. Bxf5+
Kh8 42. Qe5+ 1-0

[Event "XIII MIEDZYNARODOWY FESTIWAL SZACHOWY PERLA BALTYKU - GRUPA A"]
[Site "LAZY - OW BRYZA"]
[Date "1899-12-30"]
[Round "9.9"]
[White "Szmidt, Przemyslaw"]
[Black "Wozniak, Mariola"]
[Result "0-1"]
[WhiteTitle "I++"]
[BlackTitle "WIM"]
[WhiteElo "1856"]
[BlackElo "2204"]

1. d4 f5 2. g4 fxg4 3. h3 g3 4. fxg3 Nf6 5. Bg2 g6 6. e4 d6 7. Qe2 Bg7 8. Nc3 O-O
9. Bd2 Nh5 10. Qd3 Nc6 11. Nge2 e5 12. Qc4+ Kh8 13. d5 Nd4 14. O-O-O b5 15. Nxb5
Nxe2+ 16. Qxe2 Nxg3 17. Qc4 Nxh1 18. Rxh1 Bd7 0-1

[Event "XIII MIEDZYNARODOWY FESTIWAL SZACHOWY PERLA BALTYKU - GRUPA A"]
[Site "LAZY - OW BRYZA"]
[Date "1899-12-30"]
[Round "9.10"]
[White "Franckowski, Janusz"]
[Black "Kosiba, Marcin"]
[Result "1-0"]
[WhiteTitle "I"]
[BlackTitle "II"]
[WhiteElo "2033"]
[BlackElo "1832"]

1. d4 d5 2. Nf3 e6 3. g3 f5 4. Bg2 Nf6 5. c4 c6 6. Nc3 Bd6 7. Bf4 Be7 8. Qc2 a6
9. O-O O-O 10. Rad1 Qe8 11. Ne5 Nbd7 12. Nxd7 Bxd7 13. f3 dxc4 14. e4 b5 15. exf5
exf5 16. Rfe1 Qf7 17. Be5 Nd5 18. Re2 Nb4 19. Qb1 Rae8 20. f4 Nd3 21. b3 Nxe5
22. dxe5 cxb3 23. axb3 Be6 24. b4 Bb3 25. Bxc6 Rd8 26. e6 Rxd1+ 27. Qxd1 Bxe6
28. Rxe6 Bxb4 29. Bd5 Kh8 30. Qd4 a5 31. Nxb5 Rd8 32. Qc4 Qd7 33. Qc6 Qf7 34.
Kg2 h6 35. Rxh6+ 1-0

[Event "XIII MIEDZYNARODOWY FESTIWAL SZACHOWY PERLA BALTYKU - GRUPA A"]
[Site "LAZY - OW BRYZA"]
[Date "1899-12-30"]
[Round "9.11"]
[White "Wacior, Maciej"]
[Black "Bartoszewicz, Marcin"]
[Result "0-1"]
[WhiteTitle "I++"]
[BlackTitle "I++"]
[WhiteElo "2025"]
[BlackElo "1915"]

1. d4 Nf6 2. Nf3 g6 3. Bf4 Bg7 4. h3 O-O 5. e3 b6 6. c3 Ba6 7. Bxa6 Nxa6 8. a4
c6 9. O-O Nc7 10. Nbd2 Ne6 11. Bh2 c5 12. b4 d6 13. Qb3 Qd7 14. Rfd1 Rfc8 15.
dxc5 bxc5 16. b5 Qb7 17. Nc4 Ne4 18. Rdc1 d5 19. Nce5 c4 20. Qa3 N6c5 21. Nc6
a6 22. Na5 Qb6 23. Nc6 Rxc6 24. bxc6 Qxc6 25. a5 Nb3 26. Rc2 Nxc3 27. Re1 Qc5
28. Qxc5 Nxc5 29. Be5 Nb5 30. Bxg7 Kxg7 31. Ne5 Rc8 32. e4 f6 33. Ng4 Nd3 34.
Re3 d4 35. Rg3 Nf4 36. Rf3 d3 0-1

[Event "XIII MIEDZYNARODOWY FESTIWAL SZACHOWY PERLA BALTYKU - GRUPA A"]
[Site "LAZY - OW BRYZA"]
[Date "1899-12-30"]
[Round "9.12"]
[White "Zerafa, Patrick"]
[Black "Kostecka, Marika"]
[Result "1-0"]
[WhiteTitle "CM"]
[BlackTitle "I++"]
[WhiteElo "2046"]
[BlackElo "1809"]

1. d4 Nf6 2. c4 c5 3. d5 b5 4. cxb5 a6 5. bxa6 Bxa6 6. Nc3 d6 7. g3 g6 8. Bg2 Bg7
9. Nf3 Nbd7 10. O-O Nb6 11. Nd2 Nfd7 12. Nde4 O-O 13. Qc2 Bc4 14. Rd1 Qb8 15.
Nd2 Qb7 16. e4 Qa6 17. Nxc4 Qxc4 18. Bf1 Qb4 19. a3 Qa5 20. Bd2 Ne5 21. Kg2 Nec4
22. Rac1 Rfb8 23. Be1 Ne5 24. Nb5 Qa4 25. b3 Qa6 26. Nxd6 c4 27. Bxc4 Nbxc4 28.
Nxc4 Nxc4 29. bxc4 Rb2 30. Qd3 Rab8 31. Bb4 R8xb4 32. axb4 Qa2 33. Qf1 Bh6 34.
Ra1 Qb3 35. Rab1 Qxb4 36. Rxb2 Qxb2 1-0

[Event "XIII MIEDZYNARODOWY FESTIWAL SZACHOWY PERLA BALTYKU - GRUPA A"]
[Site "LAZY - OW BRYZA"]
[Date "1899-12-30"]
[Round "9.13"]
[White "Przerwa, Waldemar"]
[Black "Czaplewska, Klara"]
[Result "0-1"]
[WhiteTitle "I"]
[BlackTitle "k+"]
[WhiteElo "1780"]
[BlackElo "1920"]

1. e4 e5 2. Nf3 Nc6 3. Bb5 a6 4. Ba4 Nf6 5. O-O Be7 6. Re1 d6 7. Bxc6+ bxc6 8.
d4 Nd7 9. dxe5 Nxe5 10. Nxe5 dxe5 11. Qxd8+ Kxd8 12. b3 Be6 13. Bb2 f6 14. Nc3
Bb4 15. Red1+ Ke7 16. Ne2 Rhd8 17. h3 Bd6 18. a4 Rab8 19. Ba3 Bxa3 20. Rxd8 Rxd8
21. Rxa3 Rd1+ 22. Kh2 Rd2 23. Nc3 Rxc2 24. Nd1 Rd2 25. Ne3 Rxf2 26. b4 Rb2 27.
Rc3 Kd7 28. Rd3+ Kc8 29. Rc3 Kb7 30. Nc4 Bxc4 31. Rxc4 Ra2 32. a5 Ra4 33. Kg3
c5 34. Rxc5 Rxb4 35. Rd5 Rd4 36. Kf3 Rxd5 37. exd5 Kc8 38. Ke4 Kd7 39. g4 Kd6
40. h4 Kc5 41. g5 Kb5 42. Kf5 Kxa5 43. h5 fxg5 0-1

[Event "XIII MIEDZYNARODOWY FESTIWAL SZACHOWY PERLA BALTYKU - GRUPA A"]
[Site "LAZY - OW BRYZA"]
[Date "1899-12-30"]
[Round "9.14"]
[White "Gorkiewicz, Mateusz"]
[Black "Luczak, Filip"]
[Result "1/2-1/2"]
[WhiteTitle "II+"]
[BlackTitle "I"]
[WhiteElo "1764"]
[BlackElo "1865"]

1. e4 c5 2. Nf3 d6 3. d4 Nf6 4. Nc3 cxd4 5. Nxd4 a6 6. Be2 e5 7. Nb3 Be7 8. O-O
O-O 9. Be3 Be6 10. f4 exf4 11. Rxf4 Nc6 12. Nd5 Bxd5 13. exd5 Ne5 14. c4 Nfd7
15. Rf1 Rc8 16. Rc1 Bg5 17. Bxg5 Qxg5 18. Rc3 Qd8 19. Nd4 g6 20. b3 b5 21. Qd2
bxc4 22. bxc4 Qa5 23. Nb3 Qb6+ 24. Kh1 Nc5 25. Qh6 f6 26. Rh3 Qa7 27. Qh4 Qg7
28. Nd4 f5 29. Rg3 Ng4 30. Nc6 g5 31. Qh5 Ne4 32. Ra3 Rf6 33. Rxa6 Nef2+ 34. Rxf2
Rh6 35. Ra7 Rxh5 36. Rxg7+ Kxg7 37. Bxg4 fxg4 38. g3 Rf8 39. Rxf8 Kxf8 40. a4
Ke8 41. a5 Kd7 42. Nd4 Rh6 43. a6 Kc7 44. Nc6 Rf6 45. a7 Kb7 46. Kg2 Rf3 47. Nd4
Rc3 48. Nb5 Rc2+ 49. Kg1 Ka8 50. Nxd6 Kxa7 51. Nf7 Rxc4 52. Nxg5 h6 53. Nh7 Rd4
54. Nf6 Kb7 55. Ng8 Rxd5 56. Nxh6 Rd4 57. Kf2 Kc8 58. Kg2 Kd7 59. Nf5 Rd2+ 60.
Kg1 Ke6 61. Ne3 Rd4 62. h3 Rd3 63. Nxg4 Rxg3+ 64. Kf2 Rxh3 65. Kg2 Ra3 66. Kf2
Kf5 67. Ne3+ Kf4 68. Nd5+ Ke4 69. Nf6+ Ke5 70. Nh5 Kf5 71. Ng3+ Kg4 72. Nf1 1/2-1/2

[Event "XIII MIEDZYNARODOWY FESTIWAL SZACHOWY PERLA BALTYKU - GRUPA A"]
[Site "LAZY - OW BRYZA"]
[Date "1899-12-30"]
[Round "9.15"]
[White "Ciesielski, Jan"]
[Black "Pietrucha, Jaroslaw"]
[Result "1/2-1/2"]
[WhiteTitle "II+"]
[BlackTitle "I"]
[WhiteElo "1669"]
[BlackElo "1847"]

1. d4 d5 2. c4 e6 3. Nc3 Nf6 4. Nf3 a6 5. Bg5 Be7 6. e3 dxc4 7. Bxc4 b5 8. Be2
Bb7 9. a3 c5 10. dxc5 Qxd1+ 11. Rxd1 Bxc5 12. Bxf6 gxf6 13. O-O Ke7 14. Nd4 Rd8
15. Bf3 Bxf3 16. Nxf3 Nd7 17. Ne4 Rac8 18. h3 f5 19. Nxc5 Rxc5 20. Rd2 Nf6 21.
Rxd8 Kxd8 22. Rd1+ Ke7 23. Nd4 h6 24. Kf1 Nd7 25. Ke2 Ne5 26. b3 Ng6 27. Rd2 Ne5
28. Kd1 Nd7 29. Ke2 Nb6 30. Rc2 Rxc2+ 31. Nxc2 Nd5 32. Kd3 Kd6 33. Nd4 Ne7 34.
b4 Kd5 35. Nb3 Nc6 36. Nc5 a5 37. Kc3 axb4+ 38. axb4 Ne7 39. Nb3 e5 40. Nd2 Ng6
41. Kd3 Nh4 42. g3 Ng6 43. Nb3 Ne7 44. Nd2 Nc6 45. Kc3 Nd8 46. Kd3 Ne6 47. Nb3
f6 48. Nd2 Nd8 49. h4 Nc6 50. Kc3 Ne7 51. Kd3 Kd6 52. e4 Ke6 53. exf5+ Kxf5 54.
Ne4 Ke6 55. Nc3 Nc6 56. Nxb5 Nxb4+ 57. Ke3 Nd5+ 58. Kf3 h5 59. Na3 Kf5 60. Nc4
Ke6 61. Nd2 f5 62. Nc4 Nf6 63. Nd2 Kd5 64. Nf1 Kd4 65. Ne3 f4 66. gxf4 e4+ 67.
Ke2 Kc3 68. Nf5 Kc4 69. Ke3 Kd5 70. Ng3 Ng4+ 71. Ke2 Nf6 72. f3 exf3+ 73. Kxf3
Ke6 74. Ne4 Ng4 75. Ng3 Nf6 76. Ke3 Kd5 77. Kd3 Ke6 78. Kd4 Nd7 79. Nxh5 Kf5 80.
Kd5 Kg4 81. Kd6 Nf8 82. Ke7 Ng6+ 83. Kf6 Nxh4 1/2-1/2

[Event "XIII MIEDZYNARODOWY FESTIWAL SZACHOWY PERLA BALTYKU - GRUPA A"]
[Site "LAZY - OW BRYZA"]
[Date "1899-12-30"]
[Round "9.16"]
[White "Stylinski, Piotr"]
[Black "Karpinski, Andrzej"]
[Result "1/2-1/2"]
[WhiteTitle "I"]
[BlackTitle "I"]
[WhiteElo "1815"]
[BlackElo "1658"]

1. e4 d6 2. d4 Nf6 3. Nc3 g6 4. f4 Bg7 5. Nf3 c5 6. Bb5+ Bd7 7. e5 Ng4 8. e6 Bxb5
9. exf7+ Kd7 10. Nxb5 Qa5+ 11. Nc3 cxd4 12. Nxd4 Bxd4 13. Qxd4 Nc6 14. Qe4 Qf5
15. h3 Nf6 16. Qf3 h5 17. Be3 Qxc2 18. O-O Rac8 19. Nb5 Qe4 20. f5 Qxf3 21. Rxf3
gxf5 22. Rxf5 a6 23. Nc3 Rcf8 24. Raf1 Rh7 25. Bg5 Rhxf7 26. Nd5 Ke6 27. Bxf6
exf6 28. Rxh5 Ne7 29. Nxe7 Kxe7 30. Re1+ Kd7 31. Rf5 Rg8 32. g4 Rg5 33. Ref1 1/2-1/2

[Event "XIII MIEDZYNARODOWY FESTIWAL SZACHOWY PERLA BALTYKU - GRUPA A"]
[Site "LAZY - OW BRYZA"]
[Date "1899-12-30"]
[Round "9.17"]
[White "Straszewski, Tomasz"]
[Black "Losinska, Aleksandra"]
[Result "1/2-1/2"]
[WhiteTitle "II+"]
[BlackTitle "I"]
[WhiteElo "1672"]
[BlackElo "1551"]

1. d4 d5 2. c4 e6 3. Nf3 Nf6 4. Bg5 Be7 5. Nc3 O-O 6. e3 c6 7. Be2 Nbd7 8. O-O
Re8 9. Rc1 Nf8 10. Ne5 N6d7 11. Bxe7 Qxe7 12. Nxd7 Nxd7 13. a3 Nb6 14. cxd5 exd5
15. Bd3 Qg5 16. Qf3 Bd7 17. b3 Rad8 18. a4 a5 19. Rb1 Nc8 20. b4 axb4 21. Rxb4
Nd6 22. e4 dxe4 23. Nxe4 Nxe4 24. Bxe4 Bg4 25. Qd3 Qe7 26. Bxh7+ Kh8 27. Qb1 g6
28. Bxg6 fxg6 29. Qxg6 Qxb4 30. Qh6+ 1/2-1/2

[Event "XIII MIEDZYNARODOWY FESTIWAL SZACHOWY PERLA BALTYKU - GRUPA A"]
[Site "LAZY - OW BRYZA"]
[Date "1899-12-30"]
[Round "9.18"]
[White "Zamarska, Sylwia"]
[Black "Lascar, Radoslawa"]
[Result "1/2-1/2"]
[WhiteTitle "I++"]
[BlackTitle "I+"]
[WhiteElo "1622"]
[BlackElo "1775"]

1. d4 f5 2. c4 Nf6 3. Nc3 g6 4. Nf3 Bg7 5. g3 O-O 6. Bg2 d6 7. O-O Nbd7 8. Re1
e5 9. e4 fxe4 10. Nxe4 exd4 11. Nxd4 Ne5 12. Bg5 Kh8 13. Rc1 Nf7 14. Bxf6 Bxf6
15. Nxf6 Qxf6 16. f4 c6 17. b3 Bg4 18. Bf3 Bd7 19. Bg2 Bg4 20. Bf3 Bd7 1/2-1/2

[Event "XIII MIEDZYNARODOWY FESTIWAL SZACHOWY PERLA BALTYKU - GRUPA A"]
[Site "LAZY - OW BRYZA"]
[Date "1899-12-30"]
[Round "9.19"]
[White "Kukula, Karol"]
[Black "Grzesik, Gracjan"]
[Result "0-1"]
[WhiteTitle "I"]
[BlackTitle "I"]
[WhiteElo "1656"]
[BlackElo "1712"]

1. e4 c5 2. Nf3 d6 3. d4 cxd4 4. Nxd4 Nf6 5. Nc3 a6 6. Be2 e5 7. Nb3 Be7 8. O-O
Be6 9. Be3 O-O 10. Qd2 Nbd7 11. f3 b5 12. Rfd1 b4 13. Nd5 Bxd5 14. exd5 Nb6 15.
Na5 Nbxd5 16. Nc6 Qc7 17. Nxe7+ Qxe7 18. Bg5 Rfd8 19. Bxf6 Nxf6 20. Qxb4 Qa7+
21. Kh1 d5 22. Qd2 d4 23. Bd3 h6 24. Re1 Qc7 25. Qe2 Re8 26. Be4 Rab8 27. b3 a5
28. Qd2 Nxe4 29. Rxe4 Rbc8 30. Re2 Qc3 31. Rae1 f6 32. h3 Qxd2 33. Rxd2 Kf7 34.
Kg1 Rc3 35. f4 g5 36. fxe5 fxe5 37. Rde2 Kf6 38. a4 Rc5 39. Rd1 Rec8 40. Rdd2
Rc3 41. Kf1 Kf5 42. Kf2 h5 43. Kf1 g4 44. hxg4+ hxg4 45. Ke1 g3 46. Kd1 R8c6 47.
Re1 Rc7 48. Ree2 Kf4 49. Re1 Re3 50. Rh1 Ke4 51. Rh4+ Kd5 52. Rg4 Rf7 53. Kc1
Rf2 54. c4+ Kc5 55. Rg8 Kb4 56. Rc8 Kc3 57. Rd1 d3 58. Rd8 Rc2+ 59. Kb1 e4 60.
c5 Ree2 0-1